00505nam a2200169 i 450000100060000000300090000600500170001500700030003200800410003510000190007624500390009526000330013430000370016749000390020483000390024385200530028294221ES-MaACL20230906181429.0t|050720s1906 fr ||||1| fre d1 aDurel, Petrus.10aLeo Claretie / cpar Petrus Durel. aParis : bE. Sansot, c1906. a68 p., 1 h. de lám. ; c18 cm.1 aLes célébrités d'aujourd'hui0 aLes célébrités d'aujourd'hui aES-MaACLjD-756(2) q. - Encuad. con otras obras